[Event "Campionato europeo 2007"]
[Site "Dresda GER"]
[Date "2007.04.07"]
[Round "5.53"]
[White "Balogh, Csaba"]
[Black "Dgebuadze, Alexandre"]
[Result "1/2-1/2"]
[WhiteElo "2617"]
[BlackElo "2506"]
[PlyCount "75"]
[EventDate "2007.04.03"]
[Source "www.chesslib.no"]
[SourceDate "2004.05.04"]

1. e4 e6 2. d4 d5 3. Nd2 Nf6 4. e5 Nfd7 5. Bd3 c5 6. c3 Nc6 7. Ne2 cxd4 8. cxd4 f6 9. exf6 Nxf6 10. Nf3 Bd6 11. O-O Qc7 12. Bg5 O-O 13. Bh4 Bd7 14. Bg3 Be8 15. Bxd6 Qxd6 16. Ng3 h6 17. Bc2 Rc8 18. Rc1 Qb4 19. Qe2 Bf7 20. a3 Qb6 21. Rcd1 Na5 22. Ne5 Nc4 23. Bd3 Nxe5 24. dxe5 Nd7 25. Kh1 Be8 26. Bb1 Rf4 27. Qd2 Rcc4 28. Bd3 Rcd4 29. Ne2 Rxf2 30. Rxf2 Rxd3 31. Qxd3 Qxf2 32. Qf3 Qxf3 33. gxf3 Nxe5 34. Nd4 Kf7 35. Re1 Nd3 36. Rxe6 Nxb2 37. Rd6 Nc4 38. Rxd5 1/2-1/2

[Event "EU-ch 3rd"]
[Site "Batumi"]
[Date "2002.06.20"]
[Round "8"]
[White "Godena, Michele"]
[Black "Gurevich, Mikhail"]
[Result "1/2-1/2"]
[WhiteElo "2481"]
[BlackElo "2641"]
[PlyCount "102"]
[EventDate "2002.06.12"]
[Source "ChessBase"]
[SourceDate "2002.09.20"]

1. e4 e6 2. d4 d5 3. Nd2 Nf6 4. e5 Nfd7 5. Bd3 c5 6. c3 Nc6 7. Ne2 cxd4 8. cxd4 f6 9. exf6 Nxf6 10. Nf3 Qc7 11. O-O Bd6 12. Bg5 O-O 13. Bh4 e5 14. dxe5 Nxe5 15. Nxe5 Bxe5 16. Bg3 Bxg3 17. Nxg3 Qb6 18. Qb3 Qxb3 19. axb3 Bd7 20. f3 Ne8 21. Ra5 Nf6 22. Rfa1 a6 23. Ne2 Rac8 24. Nf4 Rc7 25. b4 d4 26. Nd5 Nxd5 27. Rxd5 Bb5 28. Bxb5 axb5 29. Rxd4 h6 30. Re1 Rfc8 31. h4 Kh7 32. Re5 Rc1+ 33. Kh2 R8c7 34. Rxb5 R1c2 35. h5 Rxb2 36. Re5 Rcc2 37. Rg4 Rc7 38. Kh3 Rd2 39. Rf4 Rd8 40. Kg4 Rd2 41. g3 Rd8 42. Rfe4 Rd6 43. f4 Rd3 44. Re3 Rd4 45. R5e4 Rcc4 46. Re8 Rxb4 47. Rf8 Re4 48. Rd3 Red4 49. Re3 Re4 50. Rd3 Red4 51. Re3 Re4 1/2-1/2

[Event "NED-ch team"]
[Site "?"]
[Date "2000.03.19"]
[Round "6"]
[White "Adams Michael"]
[Black "Visser Yge"]
[Result "1-0"]
[WhiteElo "2715"]
[BlackElo "2406"]
[PlyCount "135"]
[EventDate "2000.??.??"]
[Source "www.chesslib.no"]
[SourceDate "2004.05.04"]

1. e4 e6 2. d4 d5 3. Nd2 Nf6 4. e5 Nfd7 5. c3 c5 6. Bd3 Nc6 7. Ne2 cxd4 8. cxd4 f6 9. exf6 Qxf6 10. Nf3 h6 11. O-O Bd6 12. Ng3 O-O 13. Bc2 Rd8 14. Re1 a6 15. a3 Bb8 16. Nh5 Qf7 17. Nh4 Nf8 18. Ng3 Bd7 19. Be3 Qf6 20. Nf3 Be8 21. Rc1 Bd6 22. h3 Rac8 23. Nh2 Qh4 24. Ng4 Bg6 25. Bxg6 Nxg6 26. Rc3 Nce7 27. Rb3 b5 28. Bd2 Nf4 29. Ne2 Nfg6 30. Ng3 Nf4 31. Nf1 h5 32. Ne5 Bxe5 33. Rxe5 Nc6 34. Rf3 Rf8 35. Rxf4 Rxf4 36. g3 Qxh3 37. Bxf4 Nxe5 38. Bxe5 Qf5 39. Ne3 Qg6 40. Kh2 Rf8 41. f3 Qf7 42. Kg2 Rc8 43. Nc2 Qf5 44. Ne1 Qg5 45. Qe2 Qf5 46. Nd3 Rc4 47. Qd2 a5 48. b3 Rc8 49. Bd6 a4 50. bxa4 bxa4 51. Bc5 g5 52. Qe2 Rb8 53. Nb4 Rc8 54. Qa6 Rc7 55. Qe2 Kh7 56. Nd3 Rc8 57. Qd1 Rc7 58. Nf2 Rb7 59. Bb4 Rc7 60. Nd3 Rc4 61. Qxa4 g4 62. Ne1 gxf3+ 63. Nxf3 e5 64. Qa7+ Kg8 65. Qb8+ Kh7 66. Qb7+ Kh8 67. Qxd5 Rc2+ 68. Bd2 1-0